| 000 | 01406nam a2200277Ia 4500 | ||
|---|---|---|---|
| 999 |
_c52527 _d52527 |
||
| 001 | 19551 | ||
| 003 | GE_BSU | ||
| 005 | 20200303223104.0 | ||
| 008 | 181216s1987||||ge |||||||||||||| ||geo|| | ||
| 040 | _cGE_BSU | ||
| 041 | _ageo | ||
| 080 | _a801.73 + 821.353.1 ბ-55 | ||
| 100 |
_aბეროზაშვილი, თ. _97681 |
||
| 245 |
_aტექსტისა და მისი ავტორის დადგენის ენობრივი საშუალებანი : _b(თხზულების "ისტორიანი და აზმანი შარავანდედთანი" მასალაზე) / _cთ. ბეროზაშვილი ; რედ. ა. ჭინჭარაული. |
||
| 264 |
_aთბილისი : _bმეცნიერება, _c1987. |
||
| 300 |
_a134 გვ. ; _c21 სმ. |
||
| 504 | _aბიბლიოგრ. გვ. : 132-133 | ||
| 520 | _aრეზიუმე რუსულ ენაზე | ||
| 541 | _h5ლ. | ||
| 653 | _aსაქართველოს ისტორიის წყაროები | ||
| 653 | _aტექსტოლოგია | ||
| 653 | _aქართული ლიტერატურის ისტორია | ||
| 653 | _aკრიტიკა | ||
| 700 |
_aჭინჭარაული, ა. _eრედაქტორი _97682 |
||
| 942 |
_cBK _2udc |
||